Prénoms de garçons les plus populaires au Québec en 2014 - Statistiques

Statistiques générales
  • Ce quiz a été pris 1 082 fois
  • Le résultat moyen est 39 sur 100
Statistiques - réponses
Hint Réponse % Correct
53 Alex
84%
31 Alexandre
78%
2 Thomas
77%
13 Antoine
76%
17 Charles
75%
9 Olivier
75%
25 Louis
71%
1 William
70%
11 Gabriel
68%
81 Mathieu
67%
10 Samuel
67%
55 Maxime
64%
65 Julien
63%
7 Alexis
62%
19 Léo
62%
45 Philippe
62%
47 Vincent
61%
18 Xavier
61%
5 Nathan
60%
36 Nicolas
60%
59 Simon
60%
30 Anthony
56%
97 Luca
56%
3 Félix
54%
12 Raphael
53%
28 Victor
53%
50 David
52%
34 Justin
52%
22 Mathis
52%
33 Théo
52%
14 Émile
51%
74 Jules
51%
43 Étienne
50%
16 Benjamin
49%
40 Jérémie
49%
27 Lucas
47%
15 Noah
47%
23 Zachary
47%
4 | 89 Liam
46%
48 Henri
44%
51 Hugo
44%
49 Laurent
44%
68 Michael
44%
52 Éli
43%
6 Jacob
43%
72 Daniel
40%
35 Arthur
39%
21 Edouard
39%
26 Loïc
39%
100 Cédric
37%
60 Damien
34%
85 Mathias
34%
76 Mathéo
33%
20 Adam
32%
41 Arnaud
32%
42 Ethan
32%
37 James
32%
24 Zack
32%
58 Ludovic
30%
87 Maxence
30%
54 Isaac
29%
29 Elliot
28%
38 Tristan
28%
44 Dylan
27%
63 Eliot
27%
73 Éloi
27%
96 Enzo
27%
80 Jordan
26%
8 Logan
26%
99 Matteo
25%
64 Evan
24%
93 Tommy
24%
88 Luka
23%
39 Nolan
22%
67 Hubert
21%
83 Eliott
20%
79 Leonard
20%
32 Jayden
19%
61 Zackary
19%
66 Caleb
18%
56 Derek
18%
62 Rafael
18%
57 Ryan
17%
77 Jake
16%
98 Mathys
16%
70 Milan
16%
90 Nathaniel
16%
91 Elie
15%
84 Joshua
15%
69 Loucas
15%
71 Loïk
14%
46 Malik
14%
92 Mikael
14%
75 Hayden
13%
95 Alexander
12%
94 Jackson
12%
78 Rayan
12%
82 Tyler
12%
86 Emrick
9%
Aucun quiz correspondant
Distribution des résultats
% des personnes avec chaque résultat
Percentile par nombre de réponses
Votre historique - résultats
Vous n’avez pas pris ce quiz